• 首页
  • 本馆介绍
  • 公告通知
  • 最新文献
  • 馆藏检索
  • 电子资源
  • 读者导购
  • 参考咨询
  • 我的图书馆
  • 登录
  • 详细信息显示
  • 放入我的书架
  • 预约/预借图书
  • 作者相关作品
  • 分类相关作品
  • 丛书相关作品
  • 出版社相关作品

书目信息

  • 表格格式
  • 工作单格式
  • 卡片格式
题名:
宝宝涂色认世界
    
 
作者: ;稚子文化 编著
分册:   深海寻宝
出版信息: 北京   机械工业出版社  2015.5
页数: 31页
开本: 29cm
丛书名:
单 册:
中图分类: J211 , G613.6
科图分类:
主题词: 绘画技法--儿童读物 , 教育--各级
电子资源:
ISBN: 978-7-111-50083-4
000 01015nam0 2200265 45
001 012001002582
005 20210923102349.91
010    @a978-7-111-50083-4@dCNY13.80
100    @a20151101d2015 ce y0chiy0110 ea
101 0  @achi
102    @aCN@b110000
105    @aa z 000yy
106    @ar
200 1  @a宝宝涂色认世界@Abao bao tu se ren shi jie@i深海寻宝@e海洋篇@f稚子文化编著
210    @a北京@c机械工业出版社@d2015.5
215    @a31页@c图@d29cm
304    @a本书无题名页,200字段信息取自封面
330    @a本书挑选一些海洋中有代表性的动植物,并以儿童画的方式表现出来,让宝宝进行填涂,画面设置相对复杂。最后也给出一张全景图。此外,在涂色的同时给出相关知识介绍,以及英文和音标,让宝宝在涂色的同时学到知识,认识世界。书中还同时给出面具的手工制作,让宝宝在涂色的同时,提高动手能力。
606 0  @a绘画技法@j儿童读物
606 0  @a教育@x各级
690    @aJ211@v5
690    @aG613.6@v3
711 02 @a稚子文化@Azhi zi wen hua@4编著
801    @aCN@bAHXH@c20210922
905    @b1282090-4@dG613.6@e2192@f5
    
    宝宝涂色认世界.深海寻宝:海洋篇/稚子文化编著.-北京:机械工业出版社,2015.5
    31页:图;29cm
    
    
    ISBN 978-7-111-50083-4:CNY13.80
    本书挑选一些海洋中有代表性的动植物,并以儿童画的方式表现出来,让宝宝进行填涂,画面设置相对复杂。最后也给出一张全景图。此外,在涂色的同时给出相关知识介绍,以及英文和音标,让宝宝在涂色的同时学到知识,认识世界。书中还同时给出面具的手工制作,让宝宝在涂色的同时,提高动手能力。
●
相关链接 在E读中查询图书 在五车中查询图书 在当当中查询图书 在豆瓣中查询图书


正题名:宝宝涂色认世界     索取号:G613.6/2192         预约/预借

序号 登录号 条形码 馆藏地/架位号 状态 备注
1 1282090   212820900   第一样本阅览室/ [索取号:G613.6/2192] 在馆    
2 1282091   212820919   教育系资料室/ [索取号:G613.6/2192] 在馆    
3 1282092   212820928   教育系资料室/ [索取号:G613.6/2192] 在馆    
4 1282093   212820937   第四借阅区/ [索取号:G613.6/2192] 在馆    
5 1282094   212820946   第四借阅区/ [索取号:G613.6/2192] 在馆    
唐山师范学院图书馆 欢迎您!
大连网信软件有限公司© 版权所有